Albania City Quiz - Statistics

General Stats
  • This quiz has been taken 38 times
    19 since last reset
  • The average score is 5 of 7
Answer Stats
City % Correct
Tirana
92%
Durrësi
83%
Elbasani
83%
Shkodra
75%
Vlora
75%
Korça
58%
Fieri
50%
No matching quizzes found
Score Distribution
Percent of People with Each Score
Percentile by Number Answered
Your Score History
You have not taken this quiz since the last reset